000 00474nam a2200145 a 4500
001 000034641
005 20200930073819.0
008 111011s1975 dr ac 000 0 spa d
040 _aDO-SdBNP
_bspa
_cBNPHU
082 _axxx
_bM615t
100 1 _aMeyreles Soler, Rafael
_937745
245 1 0 _aTrujillo :
_bvida, pasión y muerte de un poder absoluto /
_cRafael Meyreles Soler.
260 _aSanto Domingo :
_bTribuna Hispánica,
_c1975.
300 _a247 p. :
_bil., retr. ;
_c22 cm.
999 _c34132
_d34132